World War II quiz - Statistics

General Stats
  • This quiz has been taken 33 times
    22 since last reset
  • The average score is 11 of 15
Answer Stats
Hint Answer % Correct
who is the person who led the group above Hitler
95%
who was the leader of the Soviet Union during World War II Stalin
95%
When did World War II start? 1939
90%
when did World War II end? 1945
90%
what is the name of the second city the atomic bombs were dropped on Nagasaki
86%
what country did Germany first invade Poland
86%
how did hitler die? Suicide
86%
who was the leader of Britain in World War II Churchill
81%
what is the name of the first city the atomic bombs were dropped on Hiroshima
81%
who was they leader of Italy in World War II Mussolini
81%
What was the name of the people who were the bad guys Nazi
81%
Who was the leader of the US in World War II Roosevelt
76%
who was the leader of japan in World War II Hirohito
62%
Who was the leader of France in World War II Charles de Gaulle
43%
How many people died in World War II in total? 70-85 million
0%
No matching quizzes found
Score Distribution
Percent of People with Each Score
Percentile by Number Answered
Your Score History
You have not taken this quiz since the last reset